Smart leadership

Сохранить в:
Библиографические подробности
Главный автор: Yudelowitz, Jonathan
Формат:
Язык:Undetermined
Опубликовано: [New Jersey] Wiley 2004
Предметы:
Метки: Добавить метку
Нет меток, Требуется 1-ая метка записи!
Thư viện lưu trữ: Trung tâm Học liệu Trường Đại học Cần Thơ
LEADER 00554nam a2200193Ia 4500
001 CTU_93224
008 210402s9999 xx 000 0 und d
020 |c 14.50 
082 |a 658.4 
082 |b Y94 
100 |a Yudelowitz, Jonathan 
245 0 |a Smart leadership 
245 0 |c Jonathan Yudelowitz, Richard Koch, Robin Field 
260 |a [New Jersey] 
260 |b Wiley 
260 |c 2004 
650 |a Leadership,Employee motivation,Industrial efficiency 
904 |i Tuyến,Hải 
980 |a Trung tâm Học liệu Trường Đại học Cần Thơ